Satakunnan urheiluseuroja - Statistics

Yleistilastot
  • Tätä visaa on pelattu 77 kertaa
  • Keskiarvotulos 9 / 16
Vastaustilastot
Kuvavisa Hint Vastaus % Oikein
Liiga Porin Ässät
100%
Liiga Rauman Lukko
100%
N Ykkönen | M Kakkonen Pallo-Iirot
88%
N Superpesis Porin Pesäkarhut
78%
M Divari FBT Karhut
70%
M Ykkönen FC Jazz
66%
M Ykköspesis Kankaanpään Maila
63%
N Superpesis Fera
55%
maastohiihto Jämin Jänne
52%
M Suomensarja Ulvilan Pesä-Veikot
47%
Ringeten 1 sarja Luvian Kiekko -82
45%
mm. suunnistus, pesäpallo Kokemäen Kova-Väki
44%
M Bandy-Liiga Narukerä
42%
maastohiihto, yleisurheilu Noormarkun Nopsa
36%
N Mestaruusliiga LP-Vampula
27%
purjehdus Segelföreningen i Björneborg
16%
Ehtoja vastaavia visoja ei löytynyt
Tulosjakauma
Jokaisen tuloksen saaneiden osuus
Persentiili vastausten määrän mukaan
Tuloshistoriasi
Et ole pelannut tätä visaa